000 00718cam a2200265 4500
008 090401t1993 xxu||||| |||| 00| 0 eng d
020 _a0117527564
035 _a(Sirsi) u64728
041 _aeng
050 _a333.7
110 _aUnited Kingdom
_bDepartment of the Environment
_9982
245 _aPlanning policy guidance: renewable energy.
260 _aLondon
_bHMSO
_c1993
300 _a(20)p. : ill. ; 30cm.
350 _a4
490 _aPPG
_v22
520 _aIncludes Annex on Wind Energy.
650 _aPPG22
650 _aRENEWABLE ENERGY
650 _aWIND ENERGY
690 _aPLANNING LAW AND PRACTICE
710 _aUnited Kingdom
_bWelsh Office
_91214
942 _n0
948 _c04/03/1997
999 _c94699
_d94699